[Event "AUTO-ADV-4901"]
[Site "http://www.queenalice.com/game.php?id=1864899"]
[Date "2025.10.29"]
[Round "1"]
[White "Castling"]
[Black "game"]
[Result "1/2-1/2"]
[WhiteElo "1885"]
[BlackElo "1622"]

1. e4 d6 2. Bc4 Nf6 3. d3 e5 4. Bg5 Be7 5. h3 c5 6. Bb5+ Bd7 7. Nc3 O-O 8. Nf3
Nc6 9. a3 Nd4 10. Nxd4 exd4 11. Bxd7 Nxd7 12. Bxe7 Qxe7 13. Nd5 Qg5 14. O-O f5
15. Qf3 fxe4 16. Qxe4 Rae8 17. Nf6+ Qxf6 18. Qf3 Qe5 19. Rae1 Qg5 20. Rxe8 Rxe8
21. Qxb7 Ne5 22. Re1 Rf8 23. Qd5+ Kh8 24. Rxe5 Qc1+ 25. Kh2 Qf4+ 26. Kh1 dxe5
27. Qxc5 h5 28. Qxa7 Qxf2 29. Qe7 Qf1+ 30. Kh2 Rf2 31. Qg5 Rxc2 32. Qxh5+ Kg8
33. Qe8+ Kh7 34. Qh5+ Kg8 35. Qe8+ Kh7 36. Qh5+ Kg8 1/2-1/2

[Event "AUTO-ADV-4901"]
[Site "http://www.queenalice.com/game.php?id=1864900"]
[Date "2025.10.29"]
[Round "1"]
[White "game"]
[Black "Castling"]
[Result "0-1"]
[WhiteElo "1454"]
[BlackElo "1692"]

1. e4 e5 2. Nf3 d6 3. Bc4 h6 4. d4 Bg4 5. dxe5 Bxf3 6. Qxf3 Qd7 7. O-O Nc6 8.
Bb5 a6 9. Ba4 O-O-O 10. Nc3 dxe5 11. Be3 Bd6 12. Qg3 g5 13. Nd5 f6 14. c4 h5 15.
h4 g4 16. c5 Bf8 17. Rad1 Qe6 18. Bb3 Qe8 19. Ba4 Qe6 20. Nb6+ cxb6 21. cxb6
Qxa2 22. Bxc6 bxc6 23. Rxd8+ Kxd8 24. b7 Qxb2 25. Rd1+ Ke8 26. f4 Qxb7 27. fxe5
c5 28. e6 Be7 29. Rc1 Nh6 30. Bxc5 Bxc5+ 31. Rxc5 Qb6 32. Qd6 Qb1+ 33. Kh2 g3+
34. Kxg3 Rg8+ 35. Kf3 Qf1+ 36. Ke3 Ng4+ 37. Kd2 Qxg2+ 38. Kc3 Qf3+ 39. Kb4 Qxe4+
40. Ka5 Qe1+ 41. Kxa6 Qe2+ 42. Rb5 Ne5 43. Qb8+ Ke7 44. Qxg8 Qa2+ 45. Kb6 Nc4+
46. Kc5 Qa7+ 47. Kxc4 Qa4+ 48. Kc5 Qa7+ 49. Rb6 Qc7+ 50. Kb5 Qe5+ 51. Ka6 Qe2+
52. Ka7 Qa2+ 53. Kb7 Qd5+ 54. Ka7 Qa2+ 55. Kb7 Qd5+ 56. Rc6 Qxc6+ 57. Ka7 Qxe6
58. Qh7+ Qf7 59. Qf5 Qa2+ 60. Kb6 Qe6+ 61. Qxe6+ Kxe6 62. Kc5 Ke5 63. Kc4 Ke4
64. Kc3 f5 65. Kd2 Kf4 66. Ke2 Kg3 67. Ke3 f4+ 68. Ke2 Kg2 69. Kd3 f3 70. Ke4 f2
71. Kf4 f1=Q+ 72. Kg5 Qd1 73. Kh6 Qg4 74. Kh7 Kh3 75. Kh6 Kxh4 76. Kh7 Kg3 77.
Kh6 h4 78. Kh7 h3 79. Kh6 h2 80. Kh7 h1=R# 0-1

[Event "AUTO-OPEN-4622"]
[Site "http://www.queenalice.com/game.php?id=1865020"]
[Date "2025.11.3"]
[Round "1"]
[White "Castling"]
[Black "chessman"]
[Result "0-1"]
[WhiteElo "1828"]
[BlackElo "2071"]

1. e4 e6 2. Nc3 d5 3. d3 dxe4 4. Nxe4 Nd7 5. Qf3 Ngf6 6. Nxf6+ Qxf6 7. Be2 Qxf3
8. Nxf3 Bd6 9. Bg5 f6 10. Be3 O-O 11. O-O-O Ne5 12. h3 Nxf3 13. Bxf3 a6 14. Bd2
Rb8 15. Rhe1 e5 16. a3 Rd8 17. Bd5+ Kf8 18. Bb4 Bxb4 19. axb4 Rxd5 20. c4 Rd4
21. Kc2 Bf5 22. b3 b5 23. Kc3 Rbd8 24. Re3 e4 25. g4 Bg6 26. f4 exf3 27. Rxf3
bxc4 28. bxc4 c5 29. h4 cxb4+ 30. Kxb4 Rxd3 31. Rdxd3 Rxd3 32. Rxd3 Bxd3 33. c5
Ke7 34. Kc3 Bb5 35. Kd4 Ke6 0-1

[Event "AUTO-OPEN-4622"]
[Site "http://www.queenalice.com/game.php?id=1865021"]
[Date "2025.11.3"]
[Round "1"]
[White "chessman"]
[Black "Castling"]
[Result "1-0"]
[WhiteElo "2062"]
[BlackElo "1850"]

1. e4 e5 2. Nf3 d6 3. d4 Bg4 4. dxe5 Bxf3 5. gxf3 dxe5 6. Qxd8+ Kxd8 7. Nc3 Bb4
8. Bg5+ f6 9. O-O-O+ Bd6 10. Bd2 Ne7 11. Be3 Nbc6 12. Nb5 Ke8 13. Nxd6+ cxd6 14.
Rxd6 Kf7 15. Bb5 Rhd8 16. Rhd1 Rxd6 17. Rxd6 Rd8 18. Rxd8 Nxd8 19. Bxa7 Nec6 20.
Bb6 Ne6 21. Bc4 g6 22. Kd2 Nd4 23. Bxd4 exd4 24. Kd3 Ke7 25. Bxe6 Kxe6 26. Kxd4
f5 27. c4 b6 28. b4 1-0